000 01352nam a2200349Ia 4500
001 ebr10340886
003 CaPaEBR
006 m u
007 cr cn|||||||||
008 081208s2009 txu sb 001 0 eng d
010 _z 2008051918
020 _z9780292719774 (cloth : alk. paper)
040 _aCaPaEBR
_cCaPaEBR
035 _a(OCoLC)501183490
050 1 4 _aF3429.3.R58
_bB47 2009eb
082 0 4 _a299.8/83230342
_222
100 1 _aBesom, Thomas,
_d1960-
245 1 0 _aOf summits and sacrifice
_h[electronic resource] :
_ban ethnohistoric study of Inka religious practices /
_cThomas Besom.
250 _a1st ed.
260 _aAustin :
_bUniversity of Texas Press,
_c2009.
300 _axii, 230 p.
504 _aIncludes bibliographical references and index.
533 _aElectronic reproduction.
_bPalo Alto, Calif. :
_cebrary,
_d2009.
_nAvailable via World Wide Web.
_nAccess may be limited to ebrary affiliated libraries.
650 0 _aIncas
_xRites and ceremonies.
650 0 _aIncas
_xAntiquities.
650 0 _aHuman sacrifice
_zPeru.
650 0 _aMountains
_xReligious aspects.
651 0 _aPeru
_xAntiquities.
655 7 _aElectronic books.
_2local
710 2 _aebrary, Inc.
856 4 0 _uhttp://site.ebrary.com/lib/rucke/Doc?id=10340886
_zAn electronic book accessible through the World Wide Web; click to view
999 _c46251
_d46251